000 00379 a2200157 4500
001 76085
020 _a9788582170366
040 _cAnchieta - Colégio São Paulo
100 _aPerlingeiro, Alexandre
240 1 0 _aA menina e o segredo da avó
_lpor
245 1 0 _aA menina e o segredo da avó
300 _a31
362 0 _a2017
650 4 _aLiteratura infantil
942 _cBK
999 _c76085
_d76085